COMESA annual report 2009 (Record no. 79481)
[ view plain ]
| 000 -LEADER | |
|---|---|
| fixed length control field | 00973nam a2200169 a 4500 |
| 008 - FIXED-LENGTH DATA ELEMENTS--GENERAL INFORMATION | |
| fixed length control field | 130717s2009 ||||||||||||||||| || u |
| 050 ## - LIBRARY OF CONGRESS CALL NUMBER | |
| Classification number | COMESA(058) |
| 110 ## - MAIN ENTRY--CORPORATE NAME | |
| Corporate name or jurisdiction name as entry element | Common Market for Eastern and Southern Africa (COMESA) |
| 245 10 - TITLE STATEMENT | |
| Title | COMESA annual report 2009 |
| Statement of responsibility, etc. | by Common Market for Eastern and Southern Africa [COMESA] |
| 260 ## - PUBLICATION, DISTRIBUTION, ETC. | |
| Place of publication, distribution, etc. | Lusaka: |
| Name of publisher, distributor, etc. | Common Market for Eastern and Southern Africa (COMESA) |
| Date of publication, distribution, etc. | 2009 |
| 300 ## - PHYSICAL DESCRIPTION | |
| Extent | 99p.: ill. |
| 362 1# - | |
| -- | <p>2009</p> |
| 650 ## - SUBJECT ADDED ENTRY--TOPICAL TERM | |
| Topical term or geographic name entry element | COMMON MARKET FOR EASTERN AND SOUTHERN AFRICA--ANNUAL REPORT |
| 995 ## - | |
| -- | SPECIAL COLLECTIONS |
| -- | 872 |
| -- | CBU-MAIN LIBRARY (Kitwe) |
| -- | COMESA(058)A5/2009A |
| -- | 1 |
| -- | AVAILABLE |
| -- | Aug 7, 2013 |
| -- | B872 |
| -- | International Publications |
| 995 ## - | |
| -- | SPECIAL COLLECTIONS |
| -- | 873 |
| -- | CBU-MAIN LIBRARY (Kitwe) |
| -- | COMESA(058)A5/2009B |
| -- | 2 |
| -- | AVAILABLE |
| -- | Aug 7, 2013 |
| -- | B873 |
| -- | International Publications |
| 995 ## - | |
| -- | SPECIAL COLLECTIONS |
| -- | 874 |
| -- | CBU-MAIN LIBRARY (Kitwe) |
| -- | COMESA(058)A5/2009C |
| -- | 3 |
| -- | AVAILABLE |
| -- | Aug 7, 2013 |
| -- | B874 |
| -- | International Publications |
| 999 ## - | |
| -- | 79481 |
| -- | 79481 |
| Withdrawn status | Lost status | Source of classification or shelving scheme | Damaged status | Not for loan | Permanent Location | Current Location | Shelving location | Date acquired | Total Checkouts | Full call number | Barcode | Date last seen | Copy number | Price effective from | Koha item type |
|---|---|---|---|---|---|---|---|---|---|---|---|---|---|---|---|
| CBU-MAIN LIBRARY, KITWE. | CBU-MAIN LIBRARY, KITWE. | 06/29/2023 | COMESA(058)A5/2009A | B872 | 06/29/2023 | 1 | 06/29/2023 | SPECIAL COLLECTION | |||||||
| CBU-MAIN LIBRARY, KITWE. | CBU-MAIN LIBRARY, KITWE. | 06/29/2023 | COMESA(058)A5/2009B | B873 | 06/29/2023 | 2 | 06/29/2023 | SPECIAL COLLECTION | |||||||
| CBU-MAIN LIBRARY, KITWE. | CBU-MAIN LIBRARY, KITWE. | 06/29/2023 | COMESA(058)A5/2009C | B874 | 06/29/2023 | 3 | 06/29/2023 | SPECIAL COLLECTION |